000 00351nam a2200145Ia 4500
008 191201s2002 xx 000 0 und d
082 _a677.02
_bRAM
100 _aRATTAN, J B
245 0 _aModern Textile Management
250 _a1st
260 _aChandigarh
_bAbhishek Publications
_c2002
300 _a270
650 _aB.Tech(TE)
942 _2ddc
_cBK
999 _c2544
_d2544